LEADER 00825nam2-22003011i-450- 001 990000187300403321 035 $a000018730 035 $aFED01000018730 035 $a(Aleph)000018730FED01 035 $a000018730 100 $a20011111d--------km-y0itay50------ba 101 0 $aita 105 $ay-------001yy 200 1 $a3. : Elettromagnetismo e circuiti. 396 p. :ill. 210 $aBologna$cPatron$d1970- 215 $av.$d24 cm 461 0$1001000000194$12001$aElettrotecnica 610 0 $aElettrotecnica 676 $a621.3 700 1$aBasile,$bStefano$0161 801 0$aIT$bUNINA$gRICA$2UNIMARC 901 $aBK 912 $a990000187300403321 952 $a13 B 77 19$b28635$fFINBC 959 $aFINBC 996 $a3. : Elettromagnetismo e circuiti. 396 p. :ill$9122637 997 $aUNINA DB $aING01 LEADER 02024nam 2200481 n 450 001 996390926103316 005 20200818224029.0 035 $a(CKB)4940000000099802 035 $a(EEBO)2240853817 035 $a(UnM)99830430e 035 $a(UnM)99830430 035 $a(EXLCZ)994940000000099802 100 $a19950731d1680 uy | 101 0 $aeng 135 $aurbn||||a|bb| 200 14$aThe dying-mans last sermon, or, The fathers last blessing$b[electronic resource] $eleft and bequeathed as a legacy to his children, immediately before his death. Being comfortable meditations and preparations for the day of death: which for the worth of them are more worthy to be written in letters of gold, than ink and paper. By Andrew Jones, a servant of Jesus Christ 210 $aLondon $cprinted for W.Thackeray, T. Passinger, P. Brooksby, and J. Williamson$d1680 215 $a[22] p. $cport 300 $aAttributed (erroneously?) to John Hart by Wing. 300 $aSignatures: A B? (-B4). 300 $aFrontispiece illustration is a woodcut. 300 $aCaption title on A3: The fathers last blessing, left and bequeathed as a legacy unto his children, a little before his death. 300 $aText in black letter. 300 $aCopy stained. 300 $aReproduction of the original in the British Library. 330 $aeebo-0018 606 $aDeath and dying$vEarly works to 1800 606 $aChristian life$xQuotations, maxims, etc$vEarly works to 1800 606 $aChildren$xReligious life$vEarly works to 1800 615 0$aDeath and dying 615 0$aChristian life$xQuotations, maxims, etc. 615 0$aChildren$xReligious life 700 $aJones$b Andrew$cM.A.$0569681 702 $aHart$b John$cD.D., 801 0$bCu-RivES 801 1$bCu-RivES 801 2$bUk-ES 801 2$bCStRLIN 801 2$bWaOLN 906 $aBOOK 912 $a996390926103316 996 $aThe dying man's last sermon. Or The Fathers last blessing$92314684 997 $aUNISA